Physics of semiconductor devices (Record no. 1431)

MARC details
000 -LEADER
fixed length control field 00575nam a22002177a 4500
003 - CONTROL NUMBER IDENTIFIER
control field OSt
005 - DATE AND TIME OF LATEST TRANSACTION
control field 20210406114926.0
008 - FIXED-LENGTH DATA ELEMENTS--GENERAL INFORMATION
fixed length control field 150414b xxu||||| |||| 00| 0 eng d
020 ## - INTERNATIONAL STANDARD BOOK NUMBER
International Standard Book Number 9780471143239
040 ## - CATALOGING SOURCE
Transcribing agency DDC
082 ## - DEWEY DECIMAL CLASSIFICATION NUMBER
Edition number 22nd ed.
Classification number 621.3 SZE 2007
100 ## - MAIN ENTRY--PERSONAL NAME
Personal name Sze, S.M.; Kwok, K. NG
9 (RLIN) 3784
245 ## - TITLE STATEMENT
Title Physics of semiconductor devices
250 ## - EDITION STATEMENT
Edition statement 3rd ed.
260 ## - PUBLICATION, DISTRIBUTION, ETC. (IMPRINT)
Place of publication, distribution, etc. New Jersey;
Name of publisher, distributor, etc. Wiley,
Date of publication, distribution, etc. 2007
300 ## - PHYSICAL DESCRIPTION
Extent x,815p;
Other physical details ill:
Dimensions 24cm
504 ## - BIBLIOGRAPHY, ETC. NOTE
Bibliography, etc Appendices & index included
650 ## - SUBJECT ADDED ENTRY--TOPICAL TERM
Topical term or geographic name as entry element Physics
9 (RLIN) 809
650 ## - SUBJECT ADDED ENTRY--TOPICAL TERM
Topical term or geographic name as entry element Semiconductors
9 (RLIN) 3785
942 ## - ADDED ENTRY ELEMENTS (KOHA)
Source of classification or shelving scheme Other/Generic Classification Scheme
Koha item type Open Shelf
Holdings
Withdrawn status Lost status Source of classification or shelving scheme Damaged status Not for loan Home library Current library Date acquired Source of acquisition Inventory number Total Checkouts Full call number Barcode Date last seen Koha item type
    Dewey Decimal Classification     MUST Main Library MUST Main Library 14/04/2015   15/38838   621.3 SZE 2007 2015-0940 14/04/2015 Open Shelf
    Dewey Decimal Classification     MUST Main Library MUST Main Library 13/09/2016 Purchase 16/39814   621.3 SZE 2007 2016-4145 13/09/2016 Open Shelf
    Dewey Decimal Classification     MUST Main Library MUST Main Library 13/09/2016 Purchase 16/39817   621.3 SZE 2007 2016-4148 13/09/2016 Open Shelf
    Dewey Decimal Classification     Main Kihumuro Campus Main Kihumuro Campus 13/09/2016 Purchase 16/39813   621.3 SZE 2007 2016-4144 13/09/2016 Book Bank
    Dewey Decimal Classification     Main Kihumuro Campus Main Kihumuro Campus 13/09/2016 Purchase 16/39815   621.3 SZE 2007 2016-4146 13/09/2016 Book Bank
    Dewey Decimal Classification     Main Kihumuro Campus Main Kihumuro Campus 13/09/2016 Purchase 16/39816   621.3 SZE 2007 2016-4147 13/09/2016 Book Bank